<?xml version="1.0" encoding="UTF-8"?>
<record
    xmlns:xsi="http://www.w3.org/2001/XMLSchema-instance"
    xsi:schemaLocation="http://www.loc.gov/MARC21/slim http://www.loc.gov/standards/marcxml/schema/MARC21slim.xsd"
    xmlns="http://www.loc.gov/MARC21/slim">

  <leader>02186    a2200289   4500</leader>
  <controlfield tag="003">NALT</controlfield>
  <controlfield tag="005">20260316124141.0</controlfield>
  <controlfield tag="008">231018b        th ||||| |||| 00| 0 tha d</controlfield>
  <datafield tag="020" ind1=" " ind2=" ">
    <subfield code="a">9786165980098</subfield>
  </datafield>
  <datafield tag="040" ind1=" " ind2=" ">
    <subfield code="a">NALT</subfield>
  </datafield>
  <datafield tag="090" ind1=" " ind2=" ">
    <subfield code="a">KT 104.1</subfield>
    <subfield code="b">&#xE27;559&#xE2A; 2566</subfield>
  </datafield>
  <datafield tag="100" ind1="0" ind2=" ">
    <subfield code="a">&#xE27;&#xE34;&#xE40;&#xE0A;&#xE35;&#xE22;&#xE23; &#xE14;&#xE34;&#xE40;&#xE23;&#xE01;&#xE2D;&#xE38;&#xE14;&#xE21;&#xE28;&#xE31;&#xE01;&#xE14;&#xE34;&#xE4C;</subfield>
    <subfield code="9">12280</subfield>
  </datafield>
  <datafield tag="245" ind1="1" ind2="0">
    <subfield code="a">3 &#xE1E;.&#xE23;.&#xE1A;.&#xE1E;&#xE34;&#xE2A;&#xE14;&#xE32;&#xE23; (&#xE09;&#xE1A;&#xE31;&#xE1A;&#xE1B;&#xE23;&#xE31;&#xE1A;&#xE1B;&#xE23;&#xE38;&#xE07;&#xE43;&#xE2B;&#xE21;&#xE48;&#xE1B;&#xE35; 2566)</subfield>
    <subfield code="c">&#xE42;&#xE14;&#xE22; &#xE27;&#xE34;&#xE40;&#xE0A;&#xE35;&#xE22;&#xE23; &#xE14;&#xE34;&#xE40;&#xE23;&#xE01;&#xE2D;&#xE38;&#xE14;&#xE21;&#xE28;&#xE31;&#xE01;&#xE14;&#xE34;&#xE4C; ; Jurisprudence Group. </subfield>
  </datafield>
  <datafield tag="246" ind1="1" ind2="4">
    <subfield code="a">&#xE01;&#xE0E;&#xE2B;&#xE21;&#xE32;&#xE22; 3 &#xE1E;.&#xE23;.&#xE1A;.&#xE1E;&#xE34;&#xE2A;&#xE14;&#xE32;&#xE23; (&#xE09;&#xE1A;&#xE31;&#xE1A;&#xE1B;&#xE23;&#xE31;&#xE1A;&#xE1B;&#xE23;&#xE38;&#xE07; &#xE1B;&#xE35; 2566) &#xE1E;.&#xE23;.&#xE1A;. &#xE28;&#xE32;&#xE25;&#xE40;&#xE22;&#xE32;&#xE27;&#xE0A;&#xE19;&#xE41;&#xE25;&#xE30;&#xE04;&#xE23;&#xE2D;&#xE1A;&#xE04;&#xE23;&#xE31;&#xE27;&#xE2F; &#xE1E;.&#xE28;. 2553 &#xE1E;&#xE23;&#xE30;&#xE18;&#xE23;&#xE23;&#xE21;&#xE19;&#xE39;&#xE0D;&#xE28;&#xE32;&#xE25;&#xE22;&#xE38;&#xE15;&#xE34;&#xE18;&#xE23;&#xE23;&#xE21; &#xE1E;.&#xE23;.&#xE1A;. &#xE08;&#xE31;&#xE14;&#xE15;&#xE31;&#xE49;&#xE07;&#xE28;&#xE32;&#xE25;&#xE41;&#xE02;&#xE27;&#xE07;&#xE41;&#xE25;&#xE30;&#xE27;&#xE34;&#xE18;&#xE35;&#xE1E;&#xE34;&#xE08;&#xE32;&#xE23;&#xE13;&#xE32;&#xE04;&#xE27;&#xE32;&#xE21;&#xE2D;&#xE32;&#xE0D;&#xE32;&#xE43;&#xE19;&#xE28;&#xE32;&#xE25;&#xE41;&#xE02;&#xE27;&#xE07;.</subfield>
  </datafield>
  <datafield tag="260" ind1=" " ind2=" ">
    <subfield code="a">&#xE01;&#xE23;&#xE38;&#xE07;&#xE40;&#xE17;&#xE1E;&#xE2F; :</subfield>
    <subfield code="b">&#xE41;&#xE2A;&#xE07;&#xE08;&#xE31;&#xE19;&#xE17;&#xE23;&#xE4C;&#xE01;&#xE32;&#xE23;&#xE1E;&#xE34;&#xE21;&#xE1E;&#xE4C;,</subfield>
    <subfield code="c">2566.</subfield>
  </datafield>
  <datafield tag="300" ind1=" " ind2=" ">
    <subfield code="a">398 &#xE2B;&#xE19;&#xE49;&#xE32; ;</subfield>
    <subfield code="c">26 &#xE0B;&#xE21;.</subfield>
  </datafield>
  <datafield tag="505" ind1="2" ind2=" ">
    <subfield code="a">&#xE2B;&#xE25;&#xE31;&#xE01;&#xE01;&#xE0E;&#xE2B;&#xE21;&#xE32;&#xE22;&#xE41;&#xE25;&#xE30;&#xE04;&#xE33;&#xE1E;&#xE34;&#xE1E;&#xE32;&#xE01;&#xE29;&#xE32;&#xE0E;&#xE35;&#xE01;&#xE32;&#xE17;&#xE35;&#xE48;&#xE2A;&#xE33;&#xE04;&#xE31;&#xE0D;&#xE15;&#xE32;&#xE21; &#xE1E;.&#xE23;.&#xE1A;.&#xE28;&#xE32;&#xE25;&#xE40;&#xE22;&#xE32;&#xE27;&#xE0A;&#xE19;&#xE41;&#xE25;&#xE30;&#xE04;&#xE23;&#xE2D;&#xE1A;&#xE04;&#xE23;&#xE31;&#xE27;&#xE2F; -- &#xE2B;&#xE25;&#xE31;&#xE01;&#xE01;&#xE0E;&#xE2B;&#xE21;&#xE32;&#xE22;&#xE41;&#xE25;&#xE30;&#xE04;&#xE33;&#xE1E;&#xE34;&#xE1E;&#xE32;&#xE01;&#xE29;&#xE32;&#xE0E;&#xE35;&#xE01;&#xE32;&#xE17;&#xE35;&#xE48;&#xE2A;&#xE33;&#xE04;&#xE31;&#xE0D;&#xE1E;&#xE23;&#xE30;&#xE18;&#xE23;&#xE23;&#xE21;&#xE19;&#xE39;&#xE0D;&#xE28;&#xE32;&#xE25;&#xE22;&#xE38;&#xE15;&#xE34;&#xE18;&#xE23;&#xE23;&#xE21; -- &#xE2B;&#xE25;&#xE31;&#xE01;&#xE01;&#xE0E;&#xE2B;&#xE21;&#xE32;&#xE22;&#xE41;&#xE25;&#xE30;&#xE04;&#xE33;&#xE1E;&#xE34;&#xE1E;&#xE32;&#xE01;&#xE29;&#xE32;&#xE0E;&#xE35;&#xE01;&#xE32;&#xE17;&#xE35;&#xE48;&#xE2A;&#xE33;&#xE04;&#xE31;&#xE0D;&#xE15;&#xE32;&#xE21; &#xE1E;.&#xE23;.&#xE1A;.&#xE08;&#xE31;&#xE14;&#xE15;&#xE31;&#xE49;&#xE07;&#xE28;&#xE32;&#xE25;&#xE41;&#xE02;&#xE27;&#xE07;&#xE2F;.</subfield>
  </datafield>
  <datafield tag="650" ind1=" " ind2="4">
    <subfield code="9">32763</subfield>
    <subfield code="a">&#xE28;&#xE32;&#xE25;&#xE41;&#xE02;&#xE27;&#xE07;</subfield>
  </datafield>
  <datafield tag="650" ind1=" " ind2=" ">
    <subfield code="9">38948</subfield>
    <subfield code="a">&#xE28;&#xE32;&#xE25;&#xE40;&#xE22;&#xE32;&#xE27;&#xE0A;&#xE19;&#xE41;&#xE25;&#xE30;&#xE04;&#xE23;&#xE2D;&#xE1A;&#xE04;&#xE23;&#xE31;&#xE27;</subfield>
  </datafield>
  <datafield tag="650" ind1=" " ind2="4">
    <subfield code="9">1089</subfield>
    <subfield code="a">&#xE27;&#xE34;&#xE18;&#xE35;&#xE1E;&#xE34;&#xE08;&#xE32;&#xE23;&#xE13;&#xE32;&#xE04;&#xE27;&#xE32;&#xE21;&#xE2D;&#xE32;&#xE0D;&#xE32;</subfield>
  </datafield>
  <datafield tag="650" ind1=" " ind2="4">
    <subfield code="9">7155</subfield>
    <subfield code="a">&#xE18;&#xE23;&#xE23;&#xE21;&#xE19;&#xE39;&#xE0D;&#xE28;&#xE32;&#xE25;&#xE22;&#xE38;&#xE15;&#xE34;&#xE18;&#xE23;&#xE23;&#xE21;</subfield>
  </datafield>
  <datafield tag="710" ind1="2" ind2=" ">
    <subfield code="a">Jurisprudence Group</subfield>
    <subfield code="9">12278</subfield>
  </datafield>
  <datafield tag="850" ind1=" " ind2=" ">
    <subfield code="a">NALT</subfield>
  </datafield>
  <datafield tag="942" ind1=" " ind2=" ">
    <subfield code="2">local</subfield>
    <subfield code="c">LB</subfield>
  </datafield>
  <datafield tag="996" ind1=" " ind2=" ">
    <subfield code="a">saiphon.d</subfield>
    <subfield code="b">CATSTF	</subfield>
    <subfield code="c">2023-10-18</subfield>
  </datafield>
  <datafield tag="999" ind1=" " ind2=" ">
    <subfield code="c">103440</subfield>
    <subfield code="d">103440</subfield>
  </datafield>
  <datafield tag="998" ind1=" " ind2=" ">
    <subfield code="j">111</subfield>
    <subfield code="k"> &#xE19;&#xE32;&#xE07;&#xE2A;&#xE32;&#xE27;&#xE1E;&#xE08;&#xE1E;&#xE34;&#xE13;  &#xE1E;&#xE23;&#xE21;&#xE40;&#xE2D;&#xE35;&#xE48;&#xE22;&#xE21;</subfield>
  </datafield>
  <datafield tag="952" ind1=" " ind2=" ">
    <subfield code="0">0</subfield>
    <subfield code="1">0</subfield>
    <subfield code="2">local</subfield>
    <subfield code="4">0</subfield>
    <subfield code="7">0</subfield>
    <subfield code="8">CLAW</subfield>
    <subfield code="a">NALT</subfield>
    <subfield code="b">NALT</subfield>
    <subfield code="c">LAW</subfield>
    <subfield code="d">2023-10-04</subfield>
    <subfield code="e">192</subfield>
    <subfield code="l">26</subfield>
    <subfield code="m">15</subfield>
    <subfield code="o">KT 104.1 &#xE27;559&#xE2A; 2566</subfield>
    <subfield code="p">3961223581</subfield>
    <subfield code="q">2026-03-23</subfield>
    <subfield code="r">2026-03-16 00:00:00</subfield>
    <subfield code="s">2026-03-16</subfield>
    <subfield code="w">2023-10-04</subfield>
    <subfield code="y">LB</subfield>
  </datafield>
</record>
